Úvod do teorie pravděpodobnosti

Salvato in:
Dettagli Bibliografici
Natura: Libro
Lingua:ceco
Pubblicazione: Ostrava Pedagogická fakulta 1983
Tags: Aggiungi Tag
Nessun Tag, puoi essere il primo ad aggiungerne!!

MARC

LEADER 00000nam a2200000 4500
001 c133770
005 20250707100342.5
041 0 |a cze 
044 |a CZ 
245 1 0 |a Úvod do teorie pravděpodobnosti  |c Ivan Křivý 
264 1 |a Ostrava  |b Pedagogická fakulta  |c 1983 
300 |a 158 s.